000 00485nam a2200217Ia 4500
003 OSt
005 20221005131116.0
006 a|||||r|||| 00| 0
007 ta
008 221004b |||||||| |||| 00| 0 eng d
024 _a119678
037 _cTextual
040 _aCRL
_cCRL
_beng
041 _2eng
_aeng
100 _aStoll
_9639109
245 0 _aSet theory + logic
260 _c1967
650 _aPHILOSOPHY
942 _cTEXL
_2cc
999 _c1059349
_d1059349